Statistiques concernant Culture Générale - Vol.3

Cliquez ici pour prendre le quiz!

Statistiques générales

  • Ce quiz a été pris 178 fois
  • Le résultat moyen est 5 sur 15

Statistiques - réponses

% Correct
Fruit le plus consommé en France et le troisième dans le monde comptant environ 20.000 variétés.Pomme
90%
Femme politique française ayant fait adopter une loi promulguée le 17 janvier 1975 qui dépénalise le recours par une femme à l'interruption volontaire de grossesse.Simone Veil
88%
Poète et chanteur français ayant notamment interprété "Hécatombe", "Mourir pour des idées" ou bien encore "La Mauvaise Réputation".Georges Brassens
64%
Afro-américaine devenue une figure emblématique de la lutte contre la ségrégation raciale aux États-Unis en refusant de céder sa place à un passager blanc dans un autobus.Rosa Parks
64%
Troupe d'humoristes britanniques dont l'oeuvre est caractérisée par le sens du burlesque et de l'absurde. En france, Alain Chabat, Albert Dupontel ou bien encore Les Robins des Bois s'en réclament.Monty Python
58%
Actrice et réalisatrice française ayant, entre autres, joué dans "Tout le monde n'a pas eu la chance d'avoir des parents communistes" (1993). Ancienne membre de la bande du Splendid.Josiane Balasko
53%
Plus vieil État-nation d'Europe. Pays ayant les plus anciennes frontières terrestres internationales d'Europe et du monde encore en vigueur.Portugal
35%
Peintre et graveur français associé depuis la fin des années 1940 à l'art abstrait, particulièrement connu pour son usage des reflets de la couleur noire, qu'il appelle « noir-lumière » ou « outrenoir ».Pierre Soulages
23%
Cocktail à base de vodka, de liqueur de café et de crème, très largement popularisé par le film "The Big Lebowski".Russe Blanc
20%
Groupe britannique formé dans les années 70. Son style, mélangeant rock, reggae, rockabilly, dub et rattaché au mouvement punk, se caractérise par un rock contestataire où les textes jouent un rôle primordial.The Clash
19%
Cinéaste français né en 1953. C’est à travers Marseille et, particulièrement le quartier de L'Estaque, qu'il scrute l’histoire de ceux qu’il appelle, en référence à Victor Hugo, les "pauvres gens" : ouvriers, salariés, petits patrons, chômeurs, déclassésRobert Guédiguian
10%
Écrivaine et réalisatrice française née en 1969. Son œuvre, inventaire de la marginalisation de la jeunesse, participe étroitement à la libération des mœurs vécue par la génération X et propose une critique sociale et un antidote au nouvel ordre moral.Virginie Despentes
7%
Militant révolutionnaire français et Robin des Bois des temps modernes qui dévalisait trains et magasins de luxe afin de redistribuer les marchandises dans les quartiers pauvres. Ancien complice de Jacques Mesrine.Charlie Bauer
3%
Autrice française de bande dessinnée à qui l'on doit notamment "Le demon de midi" ou "Je voudrais me suicider mais j'ai pas le temps".Florence Cestac
3%
Chanson du début du XXe siècle chantée dans les bagnes de Guyane française, souvent attribuée à Aristide Bruant.Cayenne
2%

Distribution des résultats

Percentile par nombre de réponses

% des personnes avec chaque résultat

Votre développement - résultats

Vous n’avez pas pris ce quiz